000 00529nam a2200193Ia 4500
005 20260120131237.0
008 008 260114s9999 xx 000 0 eng d
020 _a9780191791130
037 _aEBOOK
040 _aCRL
_beng
_cCRL
041 _aeng
_2eng
084 _qCRL
100 _aChappell
_9924665
245 0 _aDiversity in Sinitic Languages
260 _bOxford University PressOxford University Press
_c2016
856 _uhttps://academic.oup.com/book/25588
942 _cEBOOK
999 _c1516579
_d1516579